| 000 | 00487 a2200157 4500 | ||
|---|---|---|---|
| 001 | ART_6930 | ||
| 005 | 20260410161659.0 | ||
| 008 | 260409a | ||
| 245 | 1 | 0 | _aEstimaciones alternativas de la Brecha del Producto para la economía Argentina |
| 100 | 1 | _aElosegui, Pedro | |
| 700 | 1 | _aGaregnani, Lorena | |
| 700 | 1 | _aLanteri, Luis | |
| 700 | 1 | _aLepone, Francisco | |
| 700 | 1 | _aSotes Paladino, Juan | |
| 773 | 0 |
_tEnsayos Económicos _g- Nº 45 (oct. 2006) _wREV620 |
|
| 999 |
_c15016 _d15016 |
||